|
|
|
|
| LEADER |
00000cam a2200000 7i4500 |
| 001 |
0000043833 |
| 005 |
20151222.0 |
| 008 |
141208 |
| 020 |
|
|
|a 9838325417
|
| 090 |
0 |
0 |
|a JF
|b NS MAL
|
| 100 |
1 |
|
|a Amril Shah
|
| 245 |
1 |
0 |
|a Teka-teki pengangkutan
|c Amril Shah
|
| 260 |
|
|
|a Petaling Jaya :
|b Anugerah Pub. ,
|c 2014
|
| 440 |
|
|
|a Siri Pantun Teka-teki
|
| 500 |
|
|
|a Children ages 7-9 years old (orange)
|
| 650 |
|
0 |
|a Pantoums
|
| 650 |
|
0 |
|a Riddles
|x Malay
|
| 999 |
|
|
|a 0001307781
|b Book
|c Children Collection
|e Cawangan Taman Universiti
|
| 999 |
|
|
|a 0001307782
|b Book
|c Children Collection
|e Cawangan Bukit Gambir
|
| 999 |
|
|
|a 0001307784
|b Book
|c Children Collection
|e Cawangan Batu Pahat
|
| 999 |
|
|
|a 0001307787
|b Book
|c Children Collection
|e Cawangan Segamat
|
| 999 |
|
|
|a 0001307788
|b Book
|c Children Collection
|e Cawangan Pontian
|
| 999 |
|
|
|a 0001307790
|b Book
|c Children Collection
|e Cawangan Mersing
|
| 999 |
|
|
|a 0001307792
|b Book
|c Children Collection
|e Cawangan Tmn. Ungku Tun Aminah
|
| 999 |
|
|
|a 0001307793
|b Book
|c Children Collection
|e Cawangan Bandar Penawar
|
| 999 |
|
|
|a 0001307794
|b Book
|c Children Collection
|e Cawangan Kota Tinggi
|
| 999 |
|
|
|a 0001324588
|b Book
|c Children Collection
|e Cawangan Urban Transformation Centre
|
| 999 |
|
|
|a 1307785
|b Book
|c Children Collection
|e Cawangan Muar
|